Countries with embassies and consulates in Georgia - Statistics

General Stats
  • This quiz has been taken 56 times
  • The average score is 29 of 34
Answer Stats
Continent Country % Correct
Europe United Kingdom
100%
Asia Armenia
98%
Asia/ Europe Turkey
98%
Europe Austria
96%
Asia Azerbaijan
96%
Asia China
96%
Europe France
96%
Europe Greece
94%
North America United States of America
92%
Europe Germany
90%
Europe Italy
90%
Asia Japan
90%
Europe Ukraine
90%
Europe Bulgaria
88%
Europe Belarus
86%
Asia Iran
86%
Europe Poland
86%
Europe Latvia
84%
Europe Lithuania
84%
Europe Romania
84%
Europe Sweden
84%
South America Brazil
82%
Europe Estonia
82%
Asia Iraq
82%
Asia Israel
80%
Europe Czech Republic
78%
Europe Switzerland
78%
Europe Hungary
76%
Europe the Netherlands
76%
Asia Kazakhstan
72%
Europe Slovakia
68%
Asia Turkmenistan
68%
Europe Vatican City
62%
Asia Qatar
50%
No matching quizzes found
Score Distribution
Percent of People with Each Score
Percentile by Number Answered
Your Score History
You have not taken this quiz